• 首页
  • 本馆介绍
  • 公告通知
  • 最新文献
  • 馆藏检索
  • 电子资源
  • 读者导购
  • 参考咨询
  • 我的图书馆
  • 登录
  • 详细信息显示
  • 放入我的书架
  • 预约/预借图书
  • 作者相关作品
  • 分类相关作品
  • 丛书相关作品
  • 出版社相关作品

书目信息

  • 表格格式
  • 工作单格式
  • 卡片格式
题名:
贫瘠土地上的春天
    
 
作者: 汪平, 著
分册:  
出版信息: 北京   光明日报出版社  2019.11
页数: 261页
开本: 24cm
丛书名: 名师工作室成果文库
单 册:
中图分类: G633.302 , G637
科图分类:
主题词: 中学语文课--教学研究--高中 , 中学--学校管理--研究
电子资源:
ISBN: 978-7-5194-5479-1
000 01132nam 2200325 45
001 012001004262
005 20141014171005.0
010    @a978-7-5194-5479-1@dCNY68.00
099    @aCAL 012019177915
100    @a20191224d2019 em y0chiy0110 ea
101 0  @achi
102    @aCN@b110000
105    @aa z 000yy
106    @ar
200 1  @a贫瘠土地上的春天@Apin ji tu di shang de chun tian@f汪平著
210    @a北京@c光明日报出版社@d2019.11
215    @a261页@c图@d24cm
225 2  @a名师工作室成果文库@Aming shi gong zuo shi cheng guo wen ku
300    @a光明版
314    @a汪平, 现任四川省屏山县中学校党委书记等。
330    @a本书主要内容包括: 国贫县的样板教育 大山区的省市状元、读圣贤经典 修君子品德、读《中庸》后不“中庸”、构建党建新平台 促进教育新发展、永葆初心培党情 抛洒汗雨干教育等。
410  0 @12001 @a名师工作室成果文库
461  0 @12001 @a名师工作室成果文库
606 0  @a中学语文课@x教学研究@x高中
606 0  @a中学@x学校管理@x研究
690    @aG633.302@v5
690    @aG637@v5
701  0 @a汪平,@Awang ping@f1971-@4著
801    @aCN@bAHXH@c20210922
905    @b1360184-8@dG633.302@e995@f5
    
    贫瘠土地上的春天/汪平著.-北京:光明日报出版社,2019.11
    261页:图;24cm.-(名师工作室成果文库)
    光明版
    
    ISBN 978-7-5194-5479-1:CNY68.00
    本书主要内容包括: 国贫县的样板教育 大山区的省市状元、读圣贤经典 修君子品德、读《中庸》后不“中庸”、构建党建新平台 促进教育新发展、永葆初心培党情 抛洒汗雨干教育等。
●
相关链接 在E读中查询图书 在五车中查询图书 在当当中查询图书 在豆瓣中查询图书


正题名:贫瘠土地上的春天     索取号:G633.302/995         预约/预借

序号 登录号 条形码 馆藏地/架位号 状态 备注
1 1360184   213601841   第一样本阅览室/ [索取号:G633.302/995] 在馆    
2 1360185   213601850   教育系资料室/ [索取号:G633.302/995] 在馆    
3 1360186   213601869   教育系资料室/ [索取号:G633.302/995] 在馆    
4 1360187   213601878   第四借阅区/ [索取号:G633.302/995] 在馆    
5 1360188   213601887   第四借阅区/ [索取号:G633.302/995] 在馆    
唐山师范学院图书馆 欢迎您!
大连网信软件有限公司© 版权所有